000 01011cam a2200337 a 4500
001 3303902
003 SISC
005 20160318084110.0
008 840202t19831977nyu b 000 1 eng
010 _a 83165326
020 _a9780451524935
_c$5.95
040 _aDLC
_cDLC
_dDLC
050 0 0 _aPR 6029.R8
_b.Or79 1984
082 0 0 _aCLA Or9n
_b1984
100 1 _aOrwell, George,
_d1903-1950.
_93305
245 1 0 _a1984 :
_ba novel /
_cGeorge Orwell
260 _aNew York :
_bNew American Library,
_cc1984.
300 _a268 p.
_c17 cm.
562 _e1
650 _aInternational Baccalaureate
_9127
650 _aHistorical novels
_93309
650 _aNineteen eighty four. Fiction
_93310
650 _aNegative Utopia. Fiction
_93311
655 7 _aPolitical fiction.
_2lcsh
_91888
655 7 _aScience fiction.
_2gsafd
_91889
655 7 _aDystopias.
_2gsafd
_91890
740 0 _aNineteen eighty-four.
906 _a7
_bcbc
_corignew
_d2
_encip
_f19
_gy-gencatlg
942 _2lcc
_cBK
999 _c7684
_d7684